000 00437nam a2200121Ia 4500
008 220216s9999 xx 000 0 und d
100 _aRastogi H
245 0 _aEssence of wood finishing
260 _bIn: Rubber wood Processing and Utilisation in India. (Ed.R. Gnanaharan et al.)Science and Technology Entrepreneurship Development Project, Kozhikode, 2002. pp.90-100
650 _aWood finishing
700 _aSharma Ashok
942 _cJS
999 _c58762
_d58762